000 00614nam a2200241Ia 4500
003 OSt
005 20221007111658.0
006 a|||||r|||| 00| 0
007 ta
008 221006b |||||||| |||| 00| 0 eng d
024 _a24,075
037 _cTextual
040 _aLCO
_cLCO
_beng
041 _2eng
_aeng
082 _aX78:(Z), L1
100 _aLakhotia R.N.
245 0 _aPractical Problems on Income Tax
260 _aAllahabad
_bAsha Publication House India
_c1971
300 _a542
650 _aTAX
942 _hX78:(Z), L1
_cTEXL
999 _c1193638
_d1193638